000 00252nam a2200109Ia 4500
008 201224s9999 xx 000 0 und d
100 _aStafford, L. W. T.
245 0 _aMathematics for Economists
260 _aLondon
_bELBS
300 _a371
942 _cBK
999 _c8920
_d8920